| 000 -LEADER |
| fixed length control field |
00384nam a22001217a 4500 |
| 020 ## - INTERNATIONAL STANDARD BOOK NUMBER |
| International Standard Book Number |
9788196644437 |
| 082 ## - DEWEY DECIMAL CLASSIFICATION NUMBER |
| Classification number |
B142x5434 B469 |
| 100 ## - MAIN ENTRY--PERSONAL NAME |
| Personal name |
Bhushan, Shwetanshu |
| 9 (RLIN) |
46746 |
| 245 ## - TITLE STATEMENT |
| Title |
Breaking boundaries: women's journeys in Rajasthan's cultural tapestry |
| Statement of responsibility, etc |
by Shwetanshu Bhushan |
| 260 ## - PUBLICATION, DISTRIBUTION, ETC. (IMPRINT) |
| Place of publication, distribution, etc |
New Delhi |
| Name of publisher, distributor, etc |
VL Media |
| Date of publication, distribution, etc |
2024 |
| 300 ## - PHYSICAL DESCRIPTION |
| Extent |
106p. |
| 650 ## - SUBJECT ADDED ENTRY--TOPICAL TERM |
| Topical term or geographic name as entry element |
Women - India - Rajasthan |
| 9 (RLIN) |
46747 |